Kluby piłkarskie Czadu - nagła śmierć - Statystyki

Ogólne statystyki
  • Ten quiz został rozwiązany 7 razy
  • Średni wynik to 2 z 8
Answers on the Grid
Answers color-coded by a green-red scale on the quiz's grid according to % correct below.
Dekedaha FC
Tourbillon FC
AS CotonTchad
FC Saint Eloi Lupopo
Foullah Edifice FC
Extension Gunners FC
Renaissance FC
Gazelle FC
ASSM Elgeco Plus
AS DGSSIE
Elect-Sport FC
NAPSA Stars FC
AS PSI
ES Mostaganem
 
Statystyki odpowiedzi
Odpowiedź % Poprawnych
AS DGSSIE
43%
Foullah Edifice FC
43%
AS PSI
29%
Elect-Sport FC
29%
Tourbillon FC
29%
Gazelle FC
14%
AS CotonTchad
0%
Renaissance FC
0%
Nie znaleziono quizów pasujących do podanych kryteriów
Rozkład punktacji
Procent ludzi z każdym wynikiem
Percentyl według liczby udzielonych odpowiedzi
Twoja historia wyników
Nie rozwiązałeś tego quizu